Normal view MARC view

Entry Topical Term

Number of records used in: 1

001 - CONTROL NUMBER

  • control field: 31007

003 - CONTROL NUMBER IDENTIFIER

  • control field: OSt

005 - DATE AND TIME OF LATEST TRANSACTION

  • control field: 20220509121252.0

008 - FIXED-LENGTH DATA ELEMENTS

  • fixed length control field: 220509|| aca||aabn | a|a d

040 ## - CATALOGING SOURCE

  • Original cataloging agency: OSt
  • Transcribing agency: OSt

150 ## - HEADING--TOPICAL TERM

  • Topical term or geographic name entry element: Paradox theory, Project management, Sustainability, Paradoxical profession, Sustainable project management

670 ## - SOURCE DATA FOUND

  • Source citation: Work cat.: (OSt): Sabini, Luca and Alderman, Neil 31006, The paradoxical profession: Project management and the contradictory nature of sustainable project objectives

Powered by Koha